Triple Picture Click Quiz Stats

Quiz Updated Feb 7, 2018

Challenge
Share
Tweet
Score 0/16 Timer 04:00
3 Plays Today
% Correct
Three Musketeers
(Athos, Porthos,
Aramis)
91.7%
Beatles Albums
(Revolver, Rubber Soul,
HELP!)
85.3%
Numbers
(Odd, Irrational,
Imaginary)
80.4%
Good Times Cast
(Florida, Thelma,
J.J.)
79.7%
Get Smart
(Chief, 99,
Max)
78.3%
Umbrella
(Jiminy Cricket, Mary Poppins,
The Penguin)
72.8%
Bridge
(Rivers, Songs,
Noses)
72.4%
Curling
(Pebble, Hog Line,
Sweeping)
70.3%
% Correct
Heart
(Valentine, Artichoke,
Deck of Cards)
69.2%
Kite
(Dragon, Diamond,
Delta)
65.5%
Director
(Lynch, Landis,
Lucas)
65.3%
Elvis Movies
(Clambake, Roustabout;,
Girls! Girls! Girls!)
65.1%
Balls
(Snow, Gum,
Moth)
60.1%
Birds
(Solitaire, Thrush,
Pigeon)
58.9%
Lids
(Toilets, Eyes,
Trashcans)
58.8%
Boxers
(John L. Sullivan, Jack Johnson,
Jack Dempsey)
51%

You're not logged in!

Compare scores with friends on all Sporcle quizzes.
Sign Up with Email
OR
Log In

You Might Also Like...

Show Comments

Extras

Top Quizzes Today


Score Distribution

Your Account Isn't Verified!

In order to create a playlist on Sporcle, you need to verify the email address you used during registration. Go to your Sporcle Settings to finish the process.

Report this User

Report this user for behavior that violates our Community Guidelines.

Details: